Handbook on administration of Madras State. (Record no. 84386)

MARC details
000 -LEADER
fixed length control field 00587cam a2200217 4500
001 - CONTROL NUMBER
control field sa 68012208
003 - CONTROL NUMBER IDENTIFIER
control field DLC
005 - DATE AND TIME OF LATEST TRANSACTION
control field 20260227112608.0
008 - FIXED-LENGTH DATA ELEMENTS--GENERAL INFORMATION
fixed length control field 691104s1966 ii b 00010 eng
010 ## - LIBRARY OF CONGRESS CONTROL NUMBER
LC control number sa 68012208 //r872
025 ## - OVERSEAS ACQUISITION NUMBER
Overseas acquisition number PL480:I-E-9829
043 ## - GEOGRAPHIC AREA CODE
Geographic area code a-ii---
050 0# - LIBRARY OF CONGRESS CALL NUMBER
Classification number JQ530
Item number .A53
082 ## - DEWEY DECIMAL CLASSIFICATION NUMBER
Classification number 354.54/82
110 10 - MAIN ENTRY--CORPORATE NAME
Corporate name or jurisdiction name as entry element Madras (India : State)
245 10 - TITLE STATEMENT
Title Handbook on administration of Madras State.
260 1# - PUBLICATION, DISTRIBUTION, ETC.
Place of publication, distribution, etc. [Madras]
Date of publication, distribution, etc. 1966.
300 ## - PHYSICAL DESCRIPTION
Extent vi, 219 p.
Other physical details fold. col. map.
Dimensions 25 cm.
350 ## - PRICE (NR) (BK AM CF MU VM SE) [OBSOLETE]
Price 1.00
651 #0 - SUBJECT ADDED ENTRY--GEOGRAPHIC NAME
Geographic name Tamil Nadu (India)
General subdivision Politics and government.

No items available.

Powered by Koha